Sieger der Europa League & UEFA-Cup - Statistiken

Allgemein
  • Dieses Quiz wurde 10.912 mal gespielt
    8.638 seit der letzten Aktualisierung
  • Das Durchschnittsergebnis liegt bei 15 aus 30
Antwortstatistiken
Titel Saison Sieger % Korrekt
1 1995/96 FC Bayern München
84%
7 2005/06, 2006/07,2013/14, 2014/15, 2015/16, 2019/20, 2022/23 FC Sevilla
83%
2 1979/80, 2021/22 Eintracht Frankfurt
82%
1 2016/17 Manchester United
81%
2 2012/13, 2018/19 FC Chelsea
79%
3 1972/73, 1975/76, 2000/01 FC Liverpool
69%
3 1990/91, 1993/94, 1997/98 Inter Mailand
69%
3 1976/77, 1989/90, 1992/93 Juventus Turin
63%
1 1996/97 FC Schalke 04
62%
1 2023/24 Atalanta Bergamo
61%
3 2009/10, 2011/12, 2017/18 Atlético Madrid
60%
2 2002/03, 2010/11 FC Porto
58%
1 1991/92 Ajax Amsterdam
56%
2 1984/85, 1985/86 Real Madrid
55%
3 1971/72, 1983/84, 2024/25 Tottenham Hotspur
49%
1 1987/88 Bayer 04 Leverkusen
48%
1 2003/04 FC Valencia
48%
1 2020/21 FC Villarreal
47%
1 1988/89 SSC Neapel
45%
2 1974/75, 1978/79 Borussia Mönchengladbach
44%
1 1977/78 PSV Eindhoven
43%
1 1999/00 Galatasaray Istanbul
34%
2 1973/74, 2001/02 Feyenoord Rotterdam
30%
1 2008/09 Schachtar Donezk
28%
1 2007/08 Zenit St. Petersburg
24%
1 2004/05 ZSKA Moskau
21%
1 1982/83 RSC Anderlecht
18%
2 1994/95, 1998/99 AC Parma
15%
2 1981/82, 1986/87 IFK Göteborg
12%
1 1980/81 Ipswich Town
7%
Keine übereinstimmenden Quizze gefunden
Verteilung der Resultate
Anzahl Personen mit jedem Resultat
Perzentil nach korrekt beantworteten Fragen
Ihre Resultats-Entwicklung
Sie haben dieses Quiz seit der letzten Aktualisierung nicht gespielt